000 00678nam a2200289Ia 4500
005 20260324134827.0
008 008 260324s9999 xx 000 0 eng d
020 _a9780203482186
037 _aEBOOK
040 _aCRL
040 _beng
040 _cCRL
041 _2eng
041 _aeng
084 _qCRL
100 _aPaul Cartledge
_91198314
245 0 _aHellenistic and Roman Sparta
245 2 _bA Regional History 1300-362 BC
260 _bTaylor and Francis
260 _c2001
365 _a
365 _b230
856 _uhttp://www.taylorfrancis.com/books/9780203482186
942 _cEBOOK
999 _c1798764
_d1798764